Statistics for Greatest NBA Small Forwards of All Time

Click here to take the quiz!

General Stats

  • This quiz has been taken 922 times
    (876 since last reset)
  • The average score is 5 of 10

Answer Stats

RankSF% Correct
1LeBron James
86%
2Larry Bird
85%
3Kevin Durant
79%
8Scottie Pippen
68%
4Julius Erving
53%
10James Worthy
44%
5Elgin Baylor
42%
6Dominique Wilkins
33%
7John Havlicek
29%
9Rick Barry
21%

Score Distribution

Percentile by Number Answered

Percent of People with Each Score

Your Score History

You have not taken this quiz since the last reset